000 00555nam a2200229Ia 4500
003 OSt
005 20220918204211.0
006 a|||||r|||| 00| 0
007 ta
008 220917b |||||||| |||| 00| 0 eng d
024 _a111,436
037 _cTextual
040 _aARTS
_cARTS
_beng
041 _2eng
_aeng
082 _aV53:1:M0, 122K2
100 _aGaxotte P
_9111042
245 0 _aRevolution Francaise
260 _c1962
650 _aHISTORY
942 _hV53:1:M0, 122K2
_cTEXL
_2CC
999 _c234785
_d234785